00185nam a2200073Ia 4500082001200000245001500012100004300027008004100070 aAF BLOE 0aSpinnerak  a BLOEMHOF, Francois Pretoria, 2006 210817s9999 xx 000 0 und d